Teenage Mutant Ninja Turtles Legends - Statistics

General Stats
  • This quiz has been taken 95 times
  • The average score is 23 of 81
Answer Stats
Hint Answer % Correct
1 Leonardo
100%
4 Donatello
96%
3 Raphael
93%
6 Splinter
89%
2 Michelangelo
87%
7 Shredder
82%
5 April O'Neil
73%
8 Casey Jones
71%
16 Bebop
64%
17 Rocksteady
62%
24 Baxter Stockman
51%
20 Fishface
49%
26 Karai
49%
21 Dogpound
47%
78 Krang
47%
23 Tiger Claw
44%
55 Leatherhead
38%
22 Rahzar
38%
56 Slash
38%
62 Rat King
33%
81 Super Shredder
33%
18 Chris Bradford
29%
59 Ice Cream Kitty
27%
74 Mutagen Man
24%
57 Pigeon Pete
24%
64 Snakeweed
24%
68 Usagi Yojimbo
24%
54 Dr. Rockwell
22%
61 Hun
22%
58 Mondo Gecko
22%
73 Pulverizer
22%
66 Shinigami
22%
25 Stockman Fly
22%
14 Zeck
22%
53 Metalhead
20%
75 Muckman
20%
77 Newtralizer
20%
15 Steranko
20%
28 Alopex
18%
27 Karai Serpent
18%
37 Leonardo Classic
18%
45 Leonardo LARP
18%
29 Leonardo Movie
18%
33 Leonardo Vision Quest
18%
38 Michelangelo Classic
18%
76 Pizza Face
18%
12 Rocksteady Classic
18%
63 Spider Bytez
18%
19 Xever Montes
18%
10 Bebop Bunny
16%
13 Bebop Classic
16%
11 BUNNIES
16%
40 Donatello Classic
16%
48 Donatello LARP
16%
32 Donatello Movie
16%
52 Donatello Space
16%
39 Raphael Classic
16%
47 Raphael LARP
16%
31 Raphael Movie
16%
67 Armaggon
13%
44 Donatello Original
13%
36 Donatello Vision Quest
13%
80 Kirby Bat
13%
49 Leonardo Space
13%
46 Michelangelo LARP
13%
30 Michelangelo Movie
13%
42 Michelangelo Original
13%
50 Michelangelo Space
13%
34 Michelangelo Vision Quest
13%
35 Raphael Vision Quest
13%
9 Rocksteady Bunny
13%
69 Bebop Movie
11%
60 Justin
11%
41 Leonardo Original
11%
43 Raphael Original
11%
51 Raphael Space
11%
70 Rocksteady Movie
11%
79 Shredder Classic
11%
71 Casey Jones Movie
9%
72 The Creep
9%
65 April Kunoichi
7%
No matching quizzes found
Score Distribution
Percent of People with Each Score
Percentile by Number Answered
Your Score History
You have not taken this quiz